[Event "World Youth & Cadets Rapid Championships"]
[Site "Rhodes, Greece"]
[Date "2022.05.01"]
[Round "9.21"]
[White "Negrean, Andrei"]
[Black "Sarthak, Deshpande"]
[Result "1/2-1/2"]
[TimeControl "10'/game & 5\"/move"]
[WhiteElo "1806"]
[BlackElo "1046"]

1. d4 {[%clk 00:10:06]} {[%emt 00:00:04]} d5 {[%clk 00:10:09]} {[%emt
00:00:01]} 2. c4 {[%clk 00:10:09]} {[%emt 00:00:02]} c6 {[%clk 00:10:12]}
{[%emt 00:00:02]} 3. cxd5 {[%clk 00:10:12]} {[%emt 00:00:02]} cxd5 {[%clk
00:10:16]} {[%emt 00:00:01]} 4. Bf4 {[%clk 00:10:15]} {[%emt 00:00:02]} Bf5
{[%clk 00:10:03]} {[%emt 00:00:18]} 5. Nc3 {[%clk 00:10:07]} {[%emt 00:00:12]}
e6 {[%clk 00:09:32]} {[%emt 00:00:36]} 6. e3 {[%clk 00:09:47]} {[%emt
00:00:25]} Qb6 {[%clk 00:09:19]} {[%emt 00:00:18]} 7. Bxb8 {[%clk 00:06:00]}
{[%emt 00:03:52]} Rxb8 {[%clk 00:08:44]} {[%emt 00:00:40]} 8. Bb5+ {[%clk
00:05:32]} {[%emt 00:00:32]} Kd8 {[%clk 00:08:43]} {[%emt 00:00:05]} 9. Nf3
{[%clk 00:03:30]} {[%emt 00:02:09]} Bb4 {[%clk 00:08:29]} {[%emt 00:00:19]} 10.
Bd3 {[%clk 00:03:09]} {[%emt 00:00:26]} Bxd3 {[%clk 00:07:55]} {[%emt
00:00:39]} 11. Qxd3 {[%clk 00:03:13]} Nf6 {[%clk 00:07:46]} {[%emt 00:00:15]}
12. O-O {[%clk 00:03:02]} {[%emt 00:00:15]} Ke7 {[%clk 00:07:32]} {[%emt
00:00:19]} 13. Na4 {[%clk 00:02:05]} {[%emt 00:01:02]} Qd6 {[%clk 00:07:22]}
{[%emt 00:00:15]} 14. a3 {[%clk 00:01:55]} {[%emt 00:00:15]} Ba5 {[%clk
00:07:19]} {[%emt 00:00:07]} 15. b4 {[%clk 00:01:38]} {[%emt 00:00:22]} Bb6
{[%clk 00:07:05]} {[%emt 00:00:17]} 16. Nc5 {[%clk 00:01:13]} {[%emt 00:00:31]}
Rhd8 {[%clk 00:06:39]} {[%emt 00:00:31]} 17. Rfc1 {[%clk 00:00:55]} {[%emt
00:00:24]} Kf8 {[%clk 00:06:32]} {[%emt 00:00:12]} 18. a4 {[%clk 00:00:47]}
{[%emt 00:00:12]} a5 {[%clk 00:06:14]} {[%emt 00:00:24]} 19. bxa5 {[%clk
00:00:22]} {[%emt 00:00:30]} Bxa5 {[%clk 00:06:13]} {[%emt 00:00:06]} 20. Qb5
{[%clk 00:00:21]} {[%emt 00:00:05]} b6 {[%clk 00:06:01]} {[%emt 00:00:17]} 21.
Nb3 {[%clk 00:00:21]} {[%emt 00:00:06]} Qb4 {[%clk 00:05:55]} {[%emt 00:00:11]}
22. Ne5 {[%clk 00:00:11]} {[%emt 00:00:14]} Qxb5 {[%clk 00:05:26]} {[%emt
00:00:35]} 23. axb5 {[%clk 00:00:15]} {[%emt 00:00:01]} Rbc8 {[%clk 00:05:17]}
{[%emt 00:00:13]} 24. Nc6 {[%clk 00:00:13]} {[%emt 00:00:08]} Rd6 {[%clk
00:05:17]} {[%emt 00:00:04]} 25. Ncxa5 {[%clk 00:00:11]} {[%emt 00:00:08]}
Rxc1+ {[%clk 00:05:17]} {[%emt 00:00:05]} 26. Rxc1 {[%clk 00:00:14]} {[%emt
00:00:02]} bxa5 {[%clk 00:05:19]} {[%emt 00:00:03]} 27. Nxa5 {[%clk 00:00:17]}
{[%emt 00:00:02]} Rb6 {[%clk 00:05:17]} {[%emt 00:00:07]} 28. Rb1 {[%clk
00:00:11]} {[%emt 00:00:11]} Ne4 {[%clk 00:05:15]} {[%emt 00:00:07]} 29. Rb3
{[%clk 00:00:08]} {[%emt 00:00:08]} Nd6 {[%clk 00:05:14]} {[%emt 00:00:07]} 30.
g3 {[%clk 00:00:09]} {[%emt 00:00:03]} Rxb5 {[%clk 00:05:15]} {[%emt 00:00:05]}
31. Rxb5 {[%clk 00:00:11]} {[%emt 00:00:02]} Nxb5 {[%clk 00:05:18]} {[%emt
00:00:02]} 32. Nb3 {[%clk 00:00:11]} {[%emt 00:00:04]} Ke7 {[%clk 00:05:19]}
{[%emt 00:00:04]} 33. Kg2 {[%clk 00:00:12]} {[%emt 00:00:04]} f6 {[%clk
00:05:17]} {[%emt 00:00:07]} 34. f4 {[%clk 00:00:10]} {[%emt 00:00:08]} Kd6
{[%clk 00:05:18]} {[%emt 00:00:04]} 35. Kf3 {[%clk 00:00:13]} {[%emt 00:00:02]}
f5 {[%clk 00:05:11]} {[%emt 00:00:12]} 36. Nc5 {[%clk 00:00:10]} {[%emt
00:00:06]} Nc3 {[%clk 00:05:08]} {[%emt 00:00:10]} 37. Nd3 {[%clk 00:00:11]}
{[%emt 00:00:04]} Ne4 {[%clk 00:05:08]} {[%emt 00:00:04]} 38. Ne5 {[%clk
00:00:12]} {[%emt 00:00:04]} g6 {[%clk 00:05:09]} {[%emt 00:00:05]} 39. h3
{[%clk 00:00:12]} {[%emt 00:00:05]} Ke7 {[%clk 00:05:09]} {[%emt 00:00:05]} 40.
g4 {[%clk 00:00:13]} {[%emt 00:00:04]} Kf6 {[%clk 00:05:06]} {[%emt 00:00:08]}
41. g5+ {[%clk 00:00:13]} {[%emt 00:00:05]} Ke7 {[%clk 00:05:06]} {[%emt
00:00:05]} 42. h4 {[%clk 00:00:13]} {[%emt 00:00:04]} Nd2+ {[%clk 00:05:09]}
{[%emt 00:00:02]} 43. Ke2 {[%clk 00:00:17]} {[%emt 00:00:02]} Nc4 {[%clk
00:04:55]} {[%emt 00:00:19]} 44. Nd3 {[%clk 00:00:10]} {[%emt 00:00:12]} Nd6
{[%clk 00:04:49]} {[%emt 00:00:10]} 45. Ne5 {[%clk 00:00:11]} {[%emt 00:00:05]}
Ne4 {[%clk 00:04:41]} {[%emt 00:00:30]} 46. Kf3 {[%clk 00:00:16]} {[%emt
00:00:03]} Nd2+ {[%clk 00:04:45]} {[%emt 00:00:01]} 47. Ke2 {[%clk 00:00:18]}
{[%emt 00:00:02]} Ne4 {[%clk 00:04:49]} {[%emt 00:00:01]} 1/2-1/2

[Event "World Youth & Cadets Rapid Championships"]
[Site "Rhodes, Greece"]
[Date "2022.05.01"]
[Round "9.22"]
[White "Hanache, Kai"]
[Black "Shilon Rahav, Eliran"]
[Result "0-1"]
[TimeControl "10'/game & 5\"/move"]
[WhiteElo "1561"]
[BlackElo "1491"]

1. e4 {[%clk 00:10:05]} {[%emt 00:00:05]} c5 {[%clk 00:10:09]} {[%emt
00:00:02]} 2. Nf3 {[%clk 00:10:08]} {[%emt 00:00:01]} a6 {[%clk 00:10:11]}
{[%emt 00:00:04]} 3. c3 {[%clk 00:10:12]} g6 {[%clk 00:10:15]} {[%emt
00:00:02]} 4. d4 {[%clk 00:10:14]} {[%emt 00:00:03]} cxd4 {[%clk 00:10:18]}
{[%emt 00:00:02]} 5. cxd4 {[%clk 00:10:18]} {[%emt 00:00:01]} d5 {[%clk
00:10:21]} {[%emt 00:00:01]} 6. e5 {[%clk 00:10:20]} {[%emt 00:00:03]} Nc6
{[%clk 00:10:24]} {[%emt 00:00:02]} 7. Nc3 {[%clk 00:10:23]} {[%emt 00:00:02]}
Bg4 {[%clk 00:10:26]} {[%emt 00:00:03]} 8. Be2 {[%clk 00:10:25]} {[%emt
00:00:04]} e6 {[%clk 00:10:25]} {[%emt 00:00:06]} 9. Rb1 {[%clk 00:10:24]}
{[%emt 00:00:06]} Bg7 {[%clk 00:10:14]} {[%emt 00:00:15]} 10. O-O {[%clk
00:10:25]} {[%emt 00:00:04]} Nge7 {[%clk 00:10:18]} {[%emt 00:00:02]} 11. h3
{[%clk 00:10:20]} {[%emt 00:00:10]} Bxf3 {[%clk 00:10:20]} {[%emt 00:00:03]} 12.
Bxf3 {[%clk 00:10:23]} {[%emt 00:00:02]} h6 {[%clk 00:10:17]} {[%emt 00:00:09]}
13. Be3 {[%clk 00:10:24]} {[%emt 00:00:04]} O-O {[%clk 00:10:18]} {[%emt
00:00:04]} 14. Qd2 {[%clk 00:10:27]} {[%emt 00:00:02]} Kh7 {[%clk 00:10:20]}
{[%emt 00:00:02]} 15. Rfe1 {[%clk 00:10:24]} {[%emt 00:00:08]} Rc8 {[%clk
00:10:15]} {[%emt 00:00:10]} 16. Rbc1 {[%clk 00:10:27]} {[%emt 00:00:02]} Nf5
{[%clk 00:09:36]} {[%emt 00:00:44]} 17. Bg4 {[%clk 00:10:27]} {[%emt 00:00:05]}
Re8 {[%clk 00:08:58]} {[%emt 00:00:43]} 18. Bxf5 {[%emt 00:00:01]} exf5 {[%emt
00:00:08]} 19. a3 {[%clk 00:10:20]} {[%emt 00:00:04]} Na5 {[%clk 00:08:41]}
{[%emt 00:00:22]} 20. Qe2 {[%clk 00:09:03]} {[%emt 00:01:18]} Nc4 {[%clk
00:08:00]} {[%emt 00:00:49]} 21. Qf3 {[%clk 00:08:43]} {[%emt 00:00:26]} Nxb2
{[%clk 00:07:39]} {[%emt 00:00:27]} 22. Nxd5 {[%clk 00:08:43]} {[%emt
00:00:05]} Qa5 {[%clk 00:06:40]} {[%emt 00:01:03]} 23. Nb4 {[%clk 00:07:34]}
{[%emt 00:01:13]} Qxa3 {[%clk 00:06:13]} {[%emt 00:00:33]} 24. Bd2 {[%clk
00:04:05]} {[%emt 00:03:35]} Qxf3 {[%clk 00:05:49]} {[%emt 00:00:29]} 25. gxf3
{[%clk 00:04:05]} {[%emt 00:00:04]} Nc4 {[%clk 00:05:31]} {[%emt 00:00:23]} 26.
Bc3 {[%clk 00:03:52]} {[%emt 00:00:19]} Red8 {[%clk 00:04:59]} {[%emt
00:00:36]} 27. f4 {[%clk 00:03:36]} {[%emt 00:00:22]} a5 {[%clk 00:04:38]}
{[%emt 00:00:25]} 28. Nd3 {[%clk 00:03:22]} {[%emt 00:00:19]} b5 {[%clk
00:04:23]} {[%emt 00:00:21]} 29. Nc5 {[%clk 00:02:53]} {[%emt 00:00:34]} b4
{[%clk 00:03:55]} {[%emt 00:00:33]} 30. Bxb4 {[%clk 00:02:30]} {[%emt
00:00:27]} Rxd4 {[%clk 00:03:45]} {[%emt 00:00:16]} 31. Bc3 {[%clk 00:02:03]}
{[%emt 00:00:31]} Rxf4 {[%clk 00:03:21]} {[%emt 00:00:29]} 32. e6 {[%clk
00:01:52]} {[%emt 00:00:16]} Bxc3 {[%clk 00:03:08]} {[%emt 00:00:18]} 33. Rxc3
{[%clk 00:01:38]} {[%emt 00:00:20]} fxe6 {[%clk 00:02:51]} {[%emt 00:00:22]} 34.
Nxe6 {[%clk 00:01:10]} {[%emt 00:00:33]} Re4 {[%clk 00:02:46]} {[%emt
00:00:10]} 35. Rxe4 {[%clk 00:01:00]} {[%emt 00:00:15]} fxe4 {[%clk 00:02:49]}
{[%emt 00:00:02]} 36. Nd4 {[%clk 00:01:03]} {[%emt 00:00:02]} Nd6 {[%clk
00:02:31]} {[%emt 00:00:22]} 37. Ra3 {[%clk 00:01:04]} {[%emt 00:00:06]} Ra8
{[%clk 00:02:33]} {[%emt 00:00:03]} 38. Ra4 {[%clk 00:01:01]} {[%emt 00:00:08]}
Nb7 {[%clk 00:02:23]} {[%emt 00:00:15]} 39. Nc6 {[%clk 00:00:58]} {[%emt
00:00:07]} Rc8 {[%clk 00:02:09]} {[%emt 00:00:19]} 40. Rxe4 {[%clk 00:00:50]}
{[%emt 00:00:13]} Rxc6 {[%clk 00:02:06]} {[%emt 00:00:08]} 41. Re7+ {[%clk
00:00:54]} Kg8 {[%clk 00:02:10]} {[%emt 00:00:02]} 42. Rxb7 {[%clk 00:00:58]}
Ra6 {[%clk 00:02:01]} {[%emt 00:00:14]} 43. Kf1 {[%clk 00:00:46]} {[%emt
00:00:16]} a4 {[%clk 00:02:05]} {[%emt 00:00:02]} 44. Ke1 {[%clk 00:00:50]}
{[%emt 00:00:01]} a3 {[%clk 00:02:07]} {[%emt 00:00:03]} 45. Rb1 {[%clk
00:00:53]} Kf7 {[%clk 00:02:05]} {[%emt 00:00:07]} 46. Ra1 {[%clk 00:00:53]}
{[%emt 00:00:05]} a2 {[%clk 00:02:09]} {[%emt 00:00:02]} 47. Kd1 {[%clk
00:00:41]} {[%emt 00:00:16]} Ke6 {[%clk 00:02:05]} {[%emt 00:00:09]} 48. Ke2
{[%clk 00:00:41]} {[%emt 00:00:03]} Kd5 {[%clk 00:02:08]} {[%emt 00:00:04]} 49.
Kd3 {[%clk 00:00:43]} {[%emt 00:00:03]} Ra3+ {[%clk 00:02:11]} {[%emt
00:00:02]} 50. Kd2 {[%clk 00:00:47]} Kc4 {[%clk 00:02:11]} {[%emt 00:00:04]} 51.
Kc2 {[%clk 00:00:40]} {[%emt 00:00:13]} Rf3 {[%clk 00:02:04]} {[%emt 00:00:12]}
52. Rf1 {[%clk 00:00:22]} {[%emt 00:00:23]} Rxf2+ {[%clk 00:02:04]} {[%emt
00:00:05]} 53. Rxf2 {[%clk 00:00:23]} {[%emt 00:00:04]} a1=Q {[%clk 00:02:07]}
{[%emt 00:00:03]} 54. Kd2 {[%clk 00:00:27]} Qc3+ {[%clk 00:02:05]} {[%emt
00:00:08]} 55. Ke2 {[%clk 00:00:30]} {[%emt 00:00:01]} Qd3+ {[%clk 00:02:08]}
{[%emt 00:00:02]} 56. Ke1 {[%clk 00:00:34]} Qxh3 {[%clk 00:02:10]} {[%emt
00:00:04]} 57. Rf4+ {[%clk 00:00:37]} {[%emt 00:00:01]} Kd5 {[%clk 00:02:04]}
{[%emt 00:00:11]} 58. Kf2 {[%clk 00:00:40]} {[%emt 00:00:03]} g5 {[%clk
00:02:06]} {[%emt 00:00:04]} 59. Rf3 {[%clk 00:00:44]} Qxf3+ {[%clk 00:02:07]}
{[%emt 00:00:04]} 60. Kxf3 {[%clk 00:00:48]} h5 {[%clk 00:02:11]} {[%emt
00:00:01]} 61. Kg2 {[%clk 00:00:52]} h4 {[%clk 00:02:14]} {[%emt 00:00:02]} 62.
Kh3 {[%clk 00:00:55]} Ke4 {[%clk 00:02:17]} {[%emt 00:00:02]} 63. Kg2 {[%clk
00:01:00]} g4 {[%clk 00:02:21]} 64. Kh2 {[%clk 00:01:04]} h3 {[%clk 00:02:25]}
{[%emt 00:00:01]} 65. Kh1 {[%clk 00:01:07]} {[%emt 00:00:01]} g3 {[%clk
00:02:28]} {[%emt 00:00:02]} 66. Kg1 {[%clk 00:01:11]} Kf3 {[%clk 00:02:25]}
{[%emt 00:00:09]} 67. Kh1 {[%clk 00:01:15]} {[%emt 00:00:01]} g2+ {[%clk
00:02:28]} {[%emt 00:00:01]} 68. Kg1 {[%clk 00:01:13]} {[%emt 00:00:07]} h2+
{[%clk 00:02:32]} {[%emt 00:00:02]} 69. Kxh2 {[%clk 00:01:15]} {[%emt
00:00:02]} Kf2 {[%clk 00:02:36]} 70. Kh3 {[%clk 00:01:20]} g1=Q {[%clk
00:02:39]} {[%emt 00:00:02]} 71. Kh4 {[%clk 00:01:23]} Qg6 {[%clk 00:02:43]}
{[%emt 00:00:02]} 0-1

[Event "World Youth & Cadets Rapid Championships"]
[Site "Rhodes, Greece"]
[Date "2022.05.01"]
[Round "9.23"]
[White "Mansurov, Yusuf"]
[Black "Gabadadze, Gabriel"]
[Result "1-0"]
[TimeControl "10'/game & 5\"/move"]
[WhiteElo "1848"]
[BlackElo "1230"]

1. e4 {[%clk 00:10:09]} {[%emt 00:00:01]} c5 {[%clk 00:10:10]} 2. c3 {[%clk
00:10:13]} {[%emt 00:00:01]} Nf6 {[%clk 00:10:13]} 3. e5 {[%clk 00:10:17]}
{[%emt 00:00:02]} Nd5 {[%clk 00:10:18]} {[%emt 00:00:01]} 4. d4 {[%clk
00:10:21]} cxd4 {[%clk 00:10:21]} {[%emt 00:00:02]} 5. cxd4 {[%clk 00:10:26]}
e6 {[%clk 00:10:25]} 6. Nf3 {[%clk 00:10:30]} d6 {[%clk 00:10:30]} 7. Bc4
{[%clk 00:10:34]} {[%emt 00:00:01]} Be7 {[%clk 00:10:33]} {[%emt 00:00:02]} 8.
O-O {[%clk 00:10:26]} {[%emt 00:00:11]} O-O {[%clk 00:10:37]} {[%emt 00:00:03]}
9. Bd2 {[%clk 00:10:18]} {[%emt 00:00:12]} Nc6 {[%clk 00:10:35]} {[%emt
00:00:07]} 10. Nc3 {[%clk 00:10:15]} {[%emt 00:00:08]} Nxc3 {[%emt 00:00:05]}
11. Bxc3 {[%clk 00:10:18]} {[%emt 00:00:01]} dxe5 {[%clk 00:10:38]} {[%emt
00:00:04]} 12. dxe5 {[%clk 00:10:18]} {[%emt 00:00:04]} Qc7 {[%clk 00:10:41]}
{[%emt 00:00:02]} 13. Qe2 {[%clk 00:10:16]} {[%emt 00:00:07]} b6 {[%clk
00:10:32]} {[%emt 00:00:13]} 14. Rac1 {[%clk 00:10:05]} {[%emt 00:00:16]} Bb7
{[%clk 00:10:32]} {[%emt 00:00:06]} 15. Bd3 {[%clk 00:10:00]} {[%emt 00:00:09]}
Rfd8 {[%clk 00:10:18]} {[%emt 00:00:20]} 16. Rfd1 {[%clk 00:09:46]} {[%emt
00:00:19]} Rac8 {[%clk 00:10:16]} {[%emt 00:00:07]} 17. h4 {[%clk 00:09:27]}
{[%emt 00:00:24]} Qb8 {[%clk 00:09:42]} {[%emt 00:00:39]} 18. Qe4 {[%clk
00:09:01]} {[%emt 00:00:31]} g6 {[%clk 00:09:40]} {[%emt 00:00:07]} 19. Qg4
{[%clk 00:08:50]} {[%emt 00:00:16]} Kg7 {[%clk 00:09:05]} {[%emt 00:00:39]} 20.
h5 {[%clk 00:08:23]} {[%emt 00:00:32]} Rd7 {[%clk 00:07:57]} {[%emt 00:01:13]}
21. hxg6 {[%clk 00:07:30]} {[%emt 00:00:58]} hxg6 {[%clk 00:07:57]} {[%emt
00:00:06]} 22. Bc2 {[%clk 00:06:04]} {[%emt 00:01:31]} Rxd1+ {[%clk 00:07:42]}
{[%emt 00:00:20]} 23. Rxd1 {[%clk 00:06:08]} Rd8 {[%clk 00:07:42]} {[%emt
00:00:05]} 24. Re1 {[%clk 00:05:57]} {[%emt 00:00:17]} Rd7 {[%clk 00:07:08]}
{[%emt 00:00:39]} 25. Bd2 {[%clk 00:05:18]} {[%emt 00:00:44]} Qh8 {[%clk
00:06:11]} {[%emt 00:01:01]} 26. Bg5 {[%clk 00:05:01]} {[%emt 00:00:22]} Bxg5
{[%clk 00:05:19]} {[%emt 00:00:57]} 27. Nxg5 {[%clk 00:04:24]} {[%emt
00:00:42]} Qh6 {[%clk 00:04:01]} {[%emt 00:01:22]} 28. Qf4 {[%clk 00:03:31]}
{[%emt 00:01:00]} Nd4 {[%clk 00:02:31]} {[%emt 00:01:35]} 29. Qf6+ {[%clk
00:02:20]} {[%emt 00:01:17]} Kg8 {[%clk 00:02:28]} {[%emt 00:00:07]} 30. Nxf7
{[%clk 00:02:00]} {[%emt 00:00:25]} Nf3+ {[%clk 00:01:26]} {[%emt 00:01:08]} 31.
Qxf3 {[%clk 00:01:54]} {[%emt 00:00:10]} Rxf7 {[%clk 00:01:17]} {[%emt
00:00:13]} 32. Qg4 {[%clk 00:01:30]} {[%emt 00:00:29]} Qd2 {[%clk 00:00:31]}
{[%emt 00:00:52]} 33. Qxg6+ {[%clk 00:01:17]} {[%emt 00:00:18]} Kf8 {[%clk
00:00:27]} {[%emt 00:00:09]} 34. Rf1 {[%clk 00:00:54]} {[%emt 00:00:28]} Bxg2
{[%clk 00:00:14]} {[%emt 00:00:18]} 35. Qxg2 {[%clk 00:00:31]} {[%emt
00:00:28]} Rg7 {[%clk 00:00:16]} {[%emt 00:00:03]} 36. Bg6 {[%clk 00:00:32]}
{[%emt 00:00:03]} Qh6 {[%clk 00:00:07]} {[%emt 00:00:15]} 37. Qf3+ {[%clk
00:00:14]} {[%emt 00:00:24]} Kg8 {[%clk 00:00:06]} {[%emt 00:00:05]} 38. Qa8#
{[%clk 00:00:17]} {[%emt 00:00:02]} 1-0

[Event "World Youth & Cadets Rapid Championships"]
[Site "Rhodes, Greece"]
[Date "2022.05.01"]
[Round "9.24"]
[White "Jalving, August"]
[Black "Tak, Rannveer"]
[Result "1-0"]
[TimeControl "10'/game & 5\"/move"]
[WhiteElo "1538"]
[BlackElo "1746"]

1. d4 {[%clk 00:10:03]} {[%emt 00:00:07]} d5 {[%clk 00:10:08]} {[%emt
00:00:02]} 2. Bf4 {[%clk 00:10:03]} {[%emt 00:00:05]} e6 {[%clk 00:10:09]}
{[%emt 00:00:04]} 3. e3 {[%clk 00:09:59]} {[%emt 00:00:10]} c5 {[%clk
00:09:59]} {[%emt 00:00:15]} 4. c3 {[%clk 00:10:02]} {[%emt 00:00:02]} Nc6
{[%clk 00:09:59]} {[%emt 00:00:05]} 5. Nf3 {[%clk 00:10:00]} {[%emt 00:00:07]}
cxd4 {[%clk 00:09:29]} {[%emt 00:00:35]} 6. exd4 {[%clk 00:09:43]} {[%emt
00:00:22]} Bd6 {[%clk 00:09:27]} {[%emt 00:00:06]} 7. Bg3 {[%clk 00:09:45]}
{[%emt 00:00:04]} Nge7 {[%clk 00:09:30]} {[%emt 00:00:02]} 8. Bd3 {[%clk
00:09:46]} {[%emt 00:00:04]} O-O {[%clk 00:09:11]} {[%emt 00:00:23]} 9. O-O
{[%clk 00:09:44]} {[%emt 00:00:07]} a6 {[%clk 00:07:35]} {[%emt 00:01:41]} 10.
Bxh7+ {[%clk 00:09:39]} {[%emt 00:00:55]} Kxh7 {[%clk 00:06:56]} 11. Ng5+
{[%clk 00:09:39]} {[%emt 00:00:04]} Kg6 {[%emt 00:00:08]} 12. Bxd6 {[%clk
00:08:12]} {[%emt 00:01:30]} Qxd6 {[%clk 00:06:49]} {[%emt 00:00:10]} 13. Qg4
{[%clk 00:08:13]} {[%emt 00:00:05]} f5 {[%clk 00:06:24]} {[%emt 00:00:29]} 14.
Qh4 {[%clk 00:08:14]} {[%emt 00:00:06]} Bd7 {[%clk 00:05:41]} {[%emt 00:00:47]}
15. f4 {[%clk 00:07:34]} {[%emt 00:00:46]} Rh8 {[%clk 00:05:26]} {[%emt
00:00:19]} 16. Qg3 {[%clk 00:07:37]} {[%emt 00:00:02]} Kf6 {[%clk 00:05:07]}
{[%emt 00:00:24]} 17. Nd2 {[%clk 00:07:21]} {[%emt 00:00:22]} Ng6 {[%clk
00:04:33]} {[%emt 00:00:38]} 18. Ndf3 {[%clk 00:06:32]} {[%emt 00:00:54]} Qxf4
{[%clk 00:03:45]} {[%emt 00:00:52]} 19. Qe1 {[%clk 00:03:51]} {[%emt 00:02:48]}
Ke7 {[%clk 00:02:37]} {[%emt 00:01:12]} 20. Nh3 {[%clk 00:02:39]} {[%emt
00:01:17]} Qe4 {[%clk 00:02:05]} {[%emt 00:00:36]} 21. Qd2 {[%clk 00:02:41]}
{[%emt 00:00:03]} Qg4 {[%clk 00:00:50]} {[%emt 00:01:20]} 22. Kh1 {[%clk
00:02:43]} {[%emt 00:00:04]} Nh4 {[%clk 00:00:43]} {[%emt 00:00:11]} 23. Nfg5
{[%clk 00:01:40]} {[%emt 00:01:09]} Nd8 {[%clk 00:00:15]} {[%emt 00:00:33]} 24.
Nf4 {[%clk 00:01:16]} {[%emt 00:00:28]} Rh6 {[%clk 00:00:09]} {[%emt 00:00:11]}
25. Rae1 {[%clk 00:01:17]} {[%emt 00:00:05]} Nf7 {[%clk 00:00:11]} {[%emt
00:00:03]} 26. Ngh3 {[%clk 00:00:53]} {[%emt 00:00:30]} Ng5 {[%clk 00:00:12]}
{[%emt 00:00:03]} 27. Nxg5 {[%clk 00:00:56]} {[%emt 00:00:02]} Qxg5 {[%clk
00:00:15]} 28. Nxd5+ {[%clk 00:01:00]} {[%emt 00:00:01]} Kd6 {[%clk 00:00:15]}
29. Qxg5 {[%clk 00:01:03]} {[%emt 00:00:08]} Kxd5 {[%clk 00:00:17]} {[%emt
00:00:03]} 30. Qxg7 {[%clk 00:01:03]} {[%emt 00:00:04]} Kc6 {[%clk 00:00:07]}
{[%emt 00:00:15]} 31. Qxh6 {[%clk 00:01:07]} {[%emt 00:00:01]} Nxg2 {[%emt
00:00:10]} 32. Rxe6+ {[%clk 00:01:06]} Bxe6 33. Qxe6+ {[%clk 00:01:09]} Kc7
{[%clk 00:00:09]} {[%emt 00:00:03]} 34. Rxf5 {[%clk 00:01:12]} {[%emt
00:00:02]} Rg8 {[%clk 00:00:11]} {[%emt 00:00:04]} 35. Qxg8 {[%clk 00:01:12]}
{[%emt 00:00:05]} Ne3 {[%clk 00:00:11]} {[%emt 00:00:05]} 36. Rf7+ {[%clk
00:01:14]} {[%emt 00:00:03]} Kb6 {[%emt 00:00:03]} 37. Qg6+ {[%clk 00:01:18]}
Ka7 {[%clk 00:00:17]} {[%emt 00:00:02]} 38. Qe4 {[%clk 00:01:22]} {[%emt
00:00:03]} Kb6 {[%clk 00:00:16]} 39. Rxb7+ {[%clk 00:01:22]} {[%emt 00:00:08]}
Ka5 {[%clk 00:00:18]} {[%emt 00:00:03]} 40. b4+ {[%emt 00:00:06]} Ka4 {[%clk
00:00:20]} {[%emt 00:00:02]} 41. Qxe3 {[%clk 00:01:23]} {[%emt 00:00:04]} Ka3
{[%clk 00:00:23]} {[%emt 00:00:03]} 42. Ra7 {[%clk 00:01:24]} {[%emt 00:00:03]}
Kxa2 {[%clk 00:00:26]} 43. Rxa6+ {[%clk 00:01:28]} {[%emt 00:00:03]} Kb3 {[%clk
00:00:30]} 44. c4+ {[%clk 00:01:32]} {[%emt 00:00:01]} Kxc4 {[%clk 00:00:32]}
{[%emt 00:00:02]} 45. Qe2+ {[%clk 00:01:36]} {[%emt 00:00:03]} Kxd4 {[%clk
00:00:30]} {[%emt 00:00:05]} 46. Rd6+ {[%clk 00:01:39]} {[%emt 00:00:02]} Kc3
{[%clk 00:00:34]} {[%emt 00:00:02]} 47. Rd3+ {[%clk 00:01:42]} {[%emt
00:00:02]} Kxb4 {[%clk 00:00:37]} {[%emt 00:00:02]} 48. Qe4+ {[%clk 00:01:45]}
{[%emt 00:00:05]} 1-0